00476nam a2200145 i 4500001000300000245010700003250001100110260001900121700002400140040000800164041000800172080001100180008004100191856009800232bg 0aAnalogovaja i analogo-cifrovaja vyčislitelnaja technika :bsbornik statej /cpod red. V. B. Usakova. aVyp.6. aMoskva,c1973.1 aUsakov, V. B.eRed. cBPK apol a681.33 s pl f |000 0 pol  uhttp://koha.tu.koszalin.pl/cgi-bin/koha/opac-detail.pl?biblionumber=26307yKatalog online BPK